[Event "European Youth Chess Championship G12"]
[Site "Prague, Top Hotel Prague"]
[Date "2016.08.24"]
[Round "6.45"]
[White "Popovic, Mateja"]
[Black "Skigelstrand, Live Jorgensen"]
[Result "0-1"]
[WhiteElo "1145"]
[BlackElo "1525"]
[PlyCount "118"]
[EventDate "2016.08.18"]

1. d4 d5 2. c4 c6 3. Nc3 Nf6 4. Nf3 dxc4 5. e4 b5 6. e5 Nd5 7. Bd2 Bf5 8. a4
Qb6 9. axb5 Nxc3 10. Bxc3 cxb5 11. b3 Nd7 12. bxc4 bxc4 13. Bxc4 Qc6 14. Qe2
Rc8 15. Rxa7 g6 16. Bd2 Bg7 17. Bb5 Qb6 18. Bxd7+ Bxd7 19. Ra1 Qb2 20. O-O Bb5
21. Rfb1 Qxb1+ 22. Rxb1 Bxe2 23. Bf4 Bxf3 24. gxf3 e6 25. Rb7 O-O 26. Kf1 Rc4
27. Be3 Rfc8 28. Rd7 R4c7 29. Rd6 h5 30. Ke1 Rb8 31. Ke2 Bf8 32. Ra6 Be7 33.
Kd3 g5 34. Ke4 Rb1 35. Ra8+ Kg7 36. f4 g4 37. f5 exf5+ 38. Kxf5 Rh1 39. Bf4 Re1
40. d5 Rc5 41. d6 Bxd6 42. Re8 Re2 43. Be3 Rb5 44. Kf4 Bc5 45. h4 Bxe3+ 46.
fxe3 Rb4+ 47. Kg3 Rxe3+ 48. Kf2 Rbe4 49. Kg2 Rxe5 50. Rxe5 Rxe5 51. Kg3 Re3+
52. Kg2 Rf3 53. Kg1 f5 54. Kg2 f4 55. Kg1 g3 56. Kg2 Rf2+ 57. Kh1 f3 58. Kg1
Ra2 59. Kf1 Ra1# 0-1

[Event "European Youth Chess Championship G12"]
[Site "Prague, Top Hotel Prague"]
[Date "2016.08.24"]
[Round "6.46"]
[White "Scarpa, Alessandra"]
[Black "Subjakova, Kristina"]
[Result "0-1"]
[WhiteElo "1492"]
[BlackElo "1271"]
[PlyCount "50"]
[EventDate "2016.08.18"]

1. d4 Nf6 2. c4 g6 3. Nc3 Bg7 4. Nf3 O-O 5. e4 d6 6. Be2 e5 7. dxe5 dxe5 8.
Qxd8 Rxd8 9. Nxe5 Nxe4 10. Nxf7 Bxc3+ 11. bxc3 Kxf7 12. Bb2 Nc6 13. O-O Be6 14.
Rac1 Nd2 15. Rfe1 Nxc4 16. Rc2 Kf6 17. Ba1 N6e5 18. h3 Bf5 19. Rcc1 Rd2 20. f4
Nd3 21. Bxd3 Rxd3 22. Re2 Rad8 23. Kf2 Rd1 24. Rxd1 Rxd1 25. Bb2 Rb1 0-1

[Event "European Youth Chess Championship G12"]
[Site "Prague, Top Hotel Prague"]
[Date "2016.08.24"]
[Round "6.47"]
[White "Djordjevic, Nevena"]
[Black "Deleu, Ellen"]
[Result "1-0"]
[WhiteElo "1431"]
[BlackElo "1181"]
[PlyCount "115"]
[EventDate "2016.08.18"]

1. d4 d5 2. c4 e6 3. cxd5 exd5 4. Nc3 Bb4 5. Bf4 Ne7 6. e3 Bf5 7. Bd3 Bg6 8.
Nf3 Nbc6 9. O-O O-O 10. a3 Bd6 11. Bg3 Bxd3 12. Qxd3 Ng6 13. Qb5 a6 14. Qxb7
Bxg3 15. hxg3 Nge7 16. Qb3 Qd6 17. Qc2 Qh6 18. Nh4 Rfd8 19. Nf5 Nxf5 20. Qxf5
Ne7 21. Qg4 Rd6 22. Qh4 Nf5 23. Qxh6 Nxh6 24. Rfe1 Rc8 25. Re2 Ng4 26. Rae1 Nf6
27. Na4 a5 28. Nc5 Rb8 29. Rc2 c6 30. Rec1 Rb6 31. Nd3 Nd7 32. Nc5 Nf6 33. Rb1
Ne8 34. Rbc1 Nf6 35. f3 Ne8 36. Kf2 Nf6 37. Nd3 g6 38. Ne5 Ne8 39. Nd3 g5 40.
g4 Ng7 41. Nc5 f5 42. Na4 Ra6 43. Nc5 Rb6 44. gxf5 Nxf5 45. g4 Nh4 46. Nd3 Ng6
47. Rb1 Kf8 48. b4 Ne7 49. Rc5 Rb5 50. Rxb5 cxb5 51. bxa5 Nc6 52. Rxb5 Rd8 53.
Nb4 Nxb4 54. axb4 Ke7 55. Rb7+ Rd7 56. a6 Kd8 57. Rxd7+ Kxd7 58. a7 1-0

[Event "European Youth Chess Championship G12"]
[Site "Prague, Top Hotel Prague"]
[Date "2016.08.24"]
[Round "6.49"]
[White "Marthinussen, Emma Viktoria Li"]
[Black "Vavrinkova, Anna"]
[Result "0-1"]
[WhiteElo "1442"]
[BlackElo "1421"]
[PlyCount "116"]
[EventDate "2016.08.18"]

1. e4 d5 2. exd5 Qxd5 3. Nc3 Qd6 4. d4 Nf6 5. Nf3 a6 6. Bc4 b5 7. Bd3 Bb7 8.
Be3 g6 9. O-O Ng4 10. Be4 Nxe3 11. fxe3 Bxe4 12. Nxe4 Qb6 13. Qe2 Bg7 14. Rad1
O-O 15. b3 Nd7 16. c4 c5 17. Nxc5 Nxc5 18. dxc5 Qxc5 19. Rd5 Qb6 20. cxb5 axb5
21. Rf2 b4 22. Rb5 Qd6 23. Qe1 Bc3 24. Qe2 Rfd8 25. Rf1 Qd3 26. Qxd3 Rxd3 27.
Ng5 Rxe3 28. h3 Re1 29. Rxe1 Bxe1 30. Nf3 Bc3 31. Ng5 Rxa2 32. Ne4 Rb2 33. Nxc3
bxc3 34. Rc5 Rxb3 35. Kf2 Rb2+ 36. Ke3 Rxg2 37. Rxc3 Rg3+ 38. Kd4 Rxc3 39. Kxc3
f5 40. Kd2 e5 41. Ke2 f4 42. Kf2 e4 43. h4 e3+ 44. Kf3 Kf7 45. h5 g5 46. h6 g4+
47. Ke2 Ke6 48. Kf1 f3 49. Ke1 e2 50. Kf2 g3+ 51. Kxg3 e1=Q+ 52. Kxf3 Qe5 53.
Kg4 Qf6 54. Kh3 Qg6 55. Kh4 Kf5 56. Kh3 Kf4 57. Kh2 Kf3 58. Kh1 Qg2# 0-1

[Event "European Youth Chess Championship G12"]
[Site "Prague, Top Hotel Prague"]
[Date "2016.08.25"]
[Round "7.1"]
[White "Garifullina, Leya"]
[Black "Caglar, Sila"]
[Result "1/2-1/2"]
[WhiteElo "1906"]
[BlackElo "1983"]
[PlyCount "103"]
[EventDate "2016.08.18"]

1. e4 c5 2. Nf3 e6 3. d4 cxd4 4. Nxd4 Nf6 5. Nc3 Nc6 6. Ndb5 Bb4 7. a3 Bxc3+ 8.
Nxc3 d5 9. exd5 exd5 10. Bd3 O-O 11. O-O d4 12. Ne2 Bg4 13. Bg5 Qd6 14. Qd2
Rfe8 15. f3 Bh5 16. Qf4 Rad8 17. Qxd6 Rxd6 18. Nf4 Bg6 19. Nxg6 hxg6 20. Rfe1
Rde6 21. Kf2 Ne5 22. Bf4 Nxd3+ 23. cxd3 Nd7 24. Rxe6 Rxe6 25. Rc1 Ne5 26. Bxe5
Rxe5 27. Rc8+ Kh7 28. Rc7 Rb5 29. b4 a5 30. Rc4 axb4 31. Rxb4 Rxb4 32. axb4 g5
33. g4 Kg6 34. Kg3 f5 35. f4 Kf6 36. fxg5+ Kxg5 37. h4+ Kf6 38. g5+ Kg6 39. Kf4
Kh5 40. Kxf5 Kxh4 41. b5 b6 42. g6 Kh5 43. Ke6 Kxg6 44. Kd6 Kf5 45. Kc6 g5 46.
Kxb6 g4 47. Kc6 g3 48. b6 g2 49. b7 g1=Q 50. b8=Q Qe3 51. Qf8+ Kg4 52. Qf1
1/2-1/2

[Event "European Youth Chess Championship G12"]
[Site "Prague, Top Hotel Prague"]
[Date "2016.08.25"]
[Round "7.2"]
[White "Yakimova, Mariya"]
[Black "Mkrtchyan, Mariam"]
[Result "1/2-1/2"]
[WhiteElo "1818"]
[BlackElo "1720"]
[PlyCount "188"]
[EventDate "2016.08.18"]

1. e4 d5 2. exd5 Qxd5 3. Nc3 Qa5 4. d4 Nf6 5. Nf3 Bf5 6. Bc4 e6 7. O-O c6 8.
Bd2 Qc7 9. h3 Be7 10. Re1 O-O 11. Bb3 Nbd7 12. Ne5 h6 13. Bf4 Bd6 14. Bg3 a6
15. a3 Rfd8 16. Qf3 c5 17. Nxf7 Bxg3 18. Nxd8 Bh2+ 19. Kh1 c4 20. Nxe6 Bxe6 21.
Rxe6 cxb3 22. g3 bxc2 23. Kxh2 Qc4 24. Re2 Qxd4 25. Rxc2 Rf8 26. Rd1 Ne5 27.
Qe2 Qc5 28. Ne4 Qe7 29. Nxf6+ Qxf6 30. f4 Nc6 31. Qc4+ Kh8 32. Qc3 Qf5 33. Qc5
Qf7 34. Re2 Rg8 35. Qd5 Qf6 36. Qe6 Qf8 37. b4 Qb8 38. Rd7 Qa7 39. Qe3 Qb8 40.
Qb6 Nd8 41. Red2 Nc6 42. Rxb7 Qe8 43. Rbd7 Qe4 44. Qxa6 Re8 45. Qd3 Qe1 46. b5
Re3 47. Rd8+ Nxd8 48. Qxd8+ Kh7 49. Rg2 Qb1 50. Qd2 Rxa3 51. Qc2+ Qxc2 52. Rxc2
Rb3 53. Rc5 Rb2+ 54. Kg1 Kg6 55. g4 Rb4 56. Rf5 Rb3 57. Kg2 Rb2+ 58. Kg3 Rb3+
59. Kh4 Rb4 60. Kg3 Rb3+ 61. Kg2 Rb2+ 62. Kf3 Rb3+ 63. Ke4 Rxh3 64. Rc5 Rg3 65.
Rc6+ Kh7 66. Kf5 Rb3 67. Rb6 Rb4 68. Rb7 Rb3 69. b6 Rb4 70. Ke5 Rb5+ 71. Ke6
Rb4 72. f5 Kg8 73. Rb8+ Kh7 74. Kd6 Rxg4 75. Rf8 Rb4 76. Kc7 Rc4+ 77. Kb8 h5
78. b7 h4 79. Rc8 Rb4 80. Kc7 Kh6 81. b8=Q Rxb8 82. Rxb8 Kg5 83. Rh8 Kxf5 84.
Rxh4 g5 85. Rh1 g4 86. Kd6 g3 87. Kd5 Kf4 88. Rh8 g2 89. Rg8 Kf3 90. Kd4 Kf2
91. Rf8+ Ke2 92. Rg8 Kf2 93. Rf8+ Ke2 94. Re8+ Kf2 1/2-1/2

[Event "European Youth Chess Championship G12"]
[Site "Prague, Top Hotel Prague"]
[Date "2016.08.25"]
[Round "7.3"]
[White "Levitan, Ronit"]
[Black "Stepanyan, Eva"]
[Result "0-1"]
[WhiteElo "1793"]
[BlackElo "1780"]
[PlyCount "62"]
[EventDate "2016.08.18"]

1. e4 c5 2. c3 e6 3. d4 d5 4. exd5 exd5 5. Nf3 c4 6. Be2 Bd6 7. O-O Ne7 8. b3
cxb3 9. axb3 O-O 10. Bd3 Bf5 11. c4 Qd7 12. Nc3 Nbc6 13. Bxf5 Qxf5 14. Re1 Bb4
15. Bd2 Rfd8 16. Na2 Bd6 17. Bg5 f6 18. Be3 b6 19. c5 bxc5 20. dxc5 Bc7 21. b4
a6 22. Bd4 Qd7 23. Rb1 Nf5 24. Ba1 Kh8 25. Qd3 d4 26. Red1 Qe6 27. Nc1 Be5 28.
Ne2 h6 29. Re1 Qd7 30. Red1 Qe6 31. Qe4 Bxh2+ 0-1

[Event "European Youth Chess Championship G12"]
[Site "Prague, Top Hotel Prague"]
[Date "2016.08.25"]
[Round "7.4"]
[White "Ziegenfuss, Antonia"]
[Black "Smetisko, Lucija"]
[Result "1-0"]
[WhiteElo "1829"]
[BlackElo "1555"]
[PlyCount "41"]
[EventDate "2016.08.18"]

1. d4 Nf6 2. c4 g6 3. Nc3 d5 4. Bf4 Bg7 5. e3 O-O 6. Rc1 c6 7. Nf3 Bf5 8. Qb3
Qd7 9. Ne5 Qc8 10. cxd5 cxd5 11. e4 dxe4 12. Nb5 Qd8 13. Nc7 Nbd7 14. Nxa8 Qxa8
15. Bc4 Nxe5 16. dxe5 Nd7 17. Bxf7+ Kh8 18. e6 Ne5 19. Bxe5 Bxe5 20. h3 Bf4 21.
Qc3+ 1-0

[Event "European Youth Chess Championship G12"]
[Site "Prague, Top Hotel Prague"]
[Date "2016.08.25"]
[Round "7.5"]
[White "Wikar, Martyna"]
[Black "Portnoy, Noam"]
[Result "1-0"]
[WhiteElo "1803"]
[BlackElo "1710"]
[PlyCount "57"]
[EventDate "2016.08.18"]

1. e4 c5 2. Nf3 Nc6 3. d4 cxd4 4. Nxd4 g6 5. c4 Bg7 6. Nc2 Nf6 7. Nc3 O-O 8.
Be2 d6 9. O-O Be6 10. Be3 Na5 11. b3 Nc6 12. Qd2 Re8 13. Rac1 Ng4 14. Bxg4 Bxg4
15. f3 Bd7 16. Nd5 Ne5 17. f4 Ng4 18. f5 Nxe3 19. Ncxe3 e6 20. fxg6 fxg6 21.
Nf4 Bc6 22. Qd3 Qb6 23. Kh1 Rad8 24. Ng4 Qa5 25. Qf3 Rf8 26. Qh3 Bd7 27. Nh6+
Kh8 28. Nxg6+ hxg6 29. Nf5+ 1-0

[Event "European Youth Chess Championship G12"]
[Site "Prague, Top Hotel Prague"]
[Date "2016.08.25"]
[Round "7.6"]
[White "Marcinczyk, Monika"]
[Black "Kirchei, Viktoriia"]
[Result "0-1"]
[WhiteElo "1609"]
[BlackElo "1767"]
[PlyCount "119"]
[EventDate "2016.08.18"]

1. e4 d6 2. d4 Nf6 3. Nc3 c6 4. Bf4 Qa5 5. Qd2 e5 6. dxe5 dxe5 7. Bg5 Nbd7 8.
f3 h6 9. Be3 b5 10. Bd3 Bb7 11. Nh3 a6 12. O-O c5 13. a3 Qc7 14. Qf2 c4 15. Be2
Bc5 16. Rfd1 O-O 17. Rd2 Bxe3 18. Qxe3 Qc5 19. Qxc5 Nxc5 20. Rad1 Ne6 21. a4
Nd4 22. Nf2 Rac8 23. axb5 axb5 24. Na2 Nc6 25. b3 cxb3 26. cxb3 Nd4 27. b4 Rc7
28. Rc1 Rd7 29. Kf1 Re7 30. Rdd1 Ne8 31. Nd3 Nd6 32. Nc5 Bc6 33. Rc3 Ra8 34.
Nc1 Nxe2 35. Kxe2 Nc4 36. Rc2 f6 37. N1b3 Be8 38. Nd2 Bf7 39. Nxc4 Bxc4+ 40.
Kf2 Rea7 41. Kg3 Kh7 42. Rcd2 Ra2 43. Rxa2 Rxa2 44. Rb1 h5 45. h4 Kh6 46. Nb3
Bd3 47. Ra1 Rb2 48. Nc5 Bc4 49. Na6 g5 50. hxg5+ Kxg5 51. Rd1 h4+ 52. Kh2 Be2
53. Rd8 Bxf3 54. Rg8+ Kf4 55. Kh3 Bxe4 56. Nc5 Bf5+ 57. Kxh4 Rb1 58. Rg3 Rh1+
59. Rh3 Bxh3 60. gxh3 0-1

[Event "European Youth Chess Championship G12"]
[Site "Prague, Top Hotel Prague"]
[Date "2016.08.25"]
[Round "7.7"]
[White "Krasteva, Beloslava"]
[Black "Murzina, Agata"]
[Result "1-0"]
[WhiteElo "1996"]
[BlackElo "1651"]
[PlyCount "99"]
[EventDate "2016.08.18"]

1. d4 c5 2. e3 cxd4 3. exd4 d5 4. Nf3 Bg4 5. Be2 Nc6 6. O-O e6 7. c3 Nf6 8. Ne5
Bf5 9. Qa4 Qc7 10. Bb5 Rc8 11. Nd2 Bd6 12. Ndf3 O-O 13. Re1 Be4 14. Bxc6 bxc6
15. h3 Nh5 16. Nd2 Nf6 17. Nxe4 Nxe4 18. Nf3 c5 19. Be3 Rb8 20. Qc2 c4 21. Nd2
Nf6 22. b3 cxb3 23. axb3 Rfc8 24. c4 dxc4 25. bxc4 Bb4 26. Rec1 Nd5 27. c5 Bc3
28. Rab1 Qa5 29. Nc4 Qa6 30. Nd6 Rd8 31. Rb3 Rxb3 32. Qxb3 Nxe3 33. Qxc3 Nf5
34. Nxf5 exf5 35. c6 Rc8 36. d5 h6 37. d6 Qb6 38. d7 Rd8 39. c7 Rxd7 40. c8=Q+
Rd8 41. Q8c7 f4 42. Qxb6 axb6 43. Qc7 Re8 44. Rd1 Re6 45. Rd8+ Kh7 46. Qxf7 Rf6
47. Qg8+ Kg6 48. Rd7 Kh5 49. Qxg7 Rf5 50. Qg4# 1-0

[Event "European Youth Chess Championship G12"]
[Site "Prague, Top Hotel Prague"]
[Date "2016.08.25"]
[Round "7.8"]
[White "Vorobyova, Ekaterina"]
[Black "Juhasz, Judit"]
[Result "1-0"]
[WhiteElo "1686"]
[BlackElo "1927"]
[PlyCount "49"]
[EventDate "2016.08.18"]

1. d4 Nf6 2. Nc3 g6 3. Bg5 Bg7 4. e4 d6 5. f3 Nbd7 6. Qd2 O-O 7. O-O-O c5 8.
Nge2 Rb8 9. dxc5 dxc5 10. e5 Ne8 11. Bh6 Qa5 12. Bxg7 Kxg7 13. f4 b5 14. Kb1 b4
15. Nd5 e6 16. Ne7 Nxe5 17. fxe5 Bb7 18. Qg5 h6 19. Qg4 Qc7 20. Nxg6 fxg6 21.
Nf4 Rxf4 22. Qxf4 Qe7 23. Bd3 Nc7 24. Qg4 Qe8 25. Bxg6 1-0

[Event "European Youth Chess Championship G12"]
[Site "Prague, Top Hotel Prague"]
[Date "2016.08.25"]
[Round "7.9"]
[White "Allahverdiyeva, Ayan"]
[Black "Toth, Nikoletta"]
[Result "0-1"]
[WhiteElo "1886"]
[BlackElo "1668"]
[PlyCount "76"]
[EventDate "2016.08.18"]

1. e4 e5 2. Nf3 Nc6 3. Bb5 a6 4. Ba4 Be7 5. O-O b5 6. Bb3 Nf6 7. Re1 d6 8. h3
Na5 9. c3 Nxb3 10. axb3 Bb7 11. d3 h6 12. b4 O-O 13. Nbd2 Re8 14. Nb3 Bf8 15.
Na5 Bc8 16. Qc2 Nh5 17. d4 Qf6 18. Qd1 Nf4 19. Bxf4 Qxf4 20. d5 Qf6 21. Kh2 Qg6
22. Qc2 Qh5 23. Qe2 f5 24. Nd2 Qg6 25. exf5 Bxf5 26. Ne4 Be7 27. Nc6 Bg5 28. c4
bxc4 29. Qxc4 Rf8 30. Nxg5 Qxg5 31. f3 Rae8 32. Rxa6 e4 33. Nd4 Qh4 34. Qc3
Qf4+ 35. Kh1 exf3 36. Nxf3 Rxe1+ 37. Nxe1 Qf1+ 38. Kh2 Qxa6 0-1

[Event "European Youth Chess Championship G12"]
[Site "Prague, Top Hotel Prague"]
[Date "2016.08.25"]
[Round "7.10"]
[White "Adamczyk, Zuzanna"]
[Black "Lehaci, Miruna-Daria"]
[Result "1/2-1/2"]
[WhiteElo "1672"]
[BlackElo "1860"]
[PlyCount "95"]
[EventDate "2016.08.18"]

1. e4 e6 2. d4 d5 3. Nd2 Nc6 4. Ngf3 Nf6 5. e5 Nd7 6. Bd3 f6 7. Ng5 Ndxe5 8.
dxe5 fxg5 9. Qh5+ g6 10. Bxg6+ Kd7 11. f4 gxf4 12. Bd3 Qe8 13. Qe2 Nd4 14. Qg4
Bc5 15. c3 Nc6 16. Nb3 Be7 17. Bxf4 Rg8 18. Qe2 b6 19. Bxh7 Rf8 20. g3 a5 21.
Bd3 Bb7 22. Nd4 Bc5 23. Nxc6 Bxc6 24. Bb5 Qg6 25. Bxc6+ Kxc6 26. O-O-O b5 27.
Qc2 Qg7 28. b3 Kb6 29. h4 b4 30. Rh2 Ra6 31. c4 c6 32. h5 a4 33. h6 Qh8 34. Kd2
Bd4 35. Rh5 axb3 36. Qxb3 Bc3+ 37. Ke2 Rfa8 38. Kf1 Rxa2 39. Qb1 Ra1 40. Qd3
Rxd1+ 41. Qxd1 Ra1 42. c5+ Kb7 43. Bc1 Bb2 44. Kg2 Bxc1 45. Qg4 Ra2+ 46. Kh3
Bxh6 47. Qxb4+ Ka8 48. Qb6 1/2-1/2

[Event "European Youth Chess Championship G12"]
[Site "Prague, Top Hotel Prague"]
[Date "2016.08.25"]
[Round "7.11"]
[White "Sovina, Maria"]
[Black "Ozbek, Busra"]
[Result "0-1"]
[WhiteElo "1740"]
[BlackElo "1660"]
[PlyCount "136"]
[EventDate "2016.08.18"]

1. d4 Nf6 2. c4 g6 3. Nc3 d5 4. cxd5 Nxd5 5. e4 Nxc3 6. bxc3 Bg7 7. Nf3 c5 8.
Rb1 O-O 9. Be2 Nc6 10. d5 Ne5 11. Nxe5 Bxe5 12. Bd2 Qc7 13. h4 e6 14. c4 exd5
15. cxd5 f5 16. d6 Qf7 17. Bh6 Rd8 18. Qc2 Be6 19. f4 Bxd6 20. e5 Bf8 21. Bxf8
Rxf8 22. h5 b6 23. a4 Bd5 24. Qc3 Qg7 25. Rd1 Be6 26. Rd6 Rfe8 27. Bb5 Rad8 28.
Bxe8 Rxd6 29. hxg6 hxg6 30. Qg3 Bf7 31. Bxf7+ Kxf7 32. exd6 Qa1+ 33. Kf2 Qxh1
34. Qb3+ Kg7 35. Qc3+ Kf7 36. Qb3+ Kg7 37. Qb2+ Kf7 38. Qb3+ Kg7 39. Qc3+ Kf7
40. Qc4+ Kg7 41. Qa6 Qh4+ 42. Ke2 Qg4+ 43. Ke1 Qg3+ 44. Kd1 Qb3+ 45. Kc1 Qc3+
46. Kb1 Qb3+ 47. Kc1 Qe3+ 48. Kc2 Qe4+ 49. Kc1 Qxf4+ 50. Kb1 Qxd6 51. Qxa7+ Kf6
52. Qa8 Qd3+ 53. Kc1 Qc4+ 54. Kb1 Qe4+ 55. Qxe4 fxe4 56. Kc2 Ke5 57. Kc3 Kd5
58. g4 g5 59. a5 bxa5 60. Kd2 Kd4 61. Ke2 a4 62. Kd2 e3+ 63. Ke1 a3 64. Ke2 a2
65. Kf3 a1=Q 66. Kg3 e2 67. Kh3 Qh1+ 68. Kg3 e1=Q# 0-1

[Event "European Youth Chess Championship G12"]
[Site "Prague, Top Hotel Prague"]
[Date "2016.08.25"]
[Round "7.12"]
[White "Mikhailina, Elena"]
[Black "Rzali, Sabina"]
[Result "0-1"]
[WhiteElo "1541"]
[BlackElo "1719"]
[PlyCount "116"]
[EventDate "2016.08.18"]

1. e4 e6 2. d4 d5 3. Nd2 c5 4. exd5 Qxd5 5. Ngf3 cxd4 6. Bc4 Qd6 7. Nb3 Nc6 8.
O-O Nf6 9. Qe2 Be7 10. Rd1 a6 11. Nbxd4 Nxd4 12. Nxd4 Qc7 13. Be3 O-O 14. Rd2
b5 15. Bb3 Ne4 16. Rdd1 Nc5 17. c3 Bb7 18. Bc2 Bd6 19. h3 Rfe8 20. Re1 Nd7 21.
Rad1 Nf6 22. Bb1 Nd5 23. Qd3 g6 24. Ne2 f5 25. Bc1 Rad8 26. Qc2 Rd7 27. Kf1 Nf6
28. Nd4 Bd5 29. Bg5 Ne4 30. Bc1 Bh2 31. Nf3 Bc4+ 32. Re2 Bxe2+ 33. Qxe2 Rxd1+
34. Qxd1 Bd6 35. Bxe4 fxe4 36. Nd2 e3 37. fxe3 Rf8+ 38. Nf3 Qc4+ 39. Kg1 Qd5
40. Qe2 Bc5 41. b3 Qf5 42. Qd2 Qb1 43. Kh2 Qe4 44. Kh1 Qd5 45. Qe2 Rd8 46. Bd2
Qd3 47. Qf2 Qb1+ 48. Be1 Qf5 49. Qh4 Rd1 50. Qf2 Rd3 51. Bd2 e5 52. Qe2 e4 53.
Ne1 Rd8 54. c4 Qd7 55. Ba5 Qd1 56. Qf2 Rf8 57. Qg1 Qe2 58. Nf3 exf3 0-1

[Event "European Youth Chess Championship G12"]
[Site "Prague, Top Hotel Prague"]
[Date "2016.08.25"]
[Round "7.13"]
[White "Dziatko, Evgeniya"]
[Black "Kostina, Veronika"]
[Result "1-0"]
[WhiteElo "1709"]
[BlackElo "1309"]
[PlyCount "97"]
[EventDate "2016.08.18"]

1. d4 d5 2. c4 e6 3. Nf3 c5 4. Nc3 cxd4 5. Nxd4 e5 6. Nf3 e4 7. Nd4 Bb4 8. Qa4+
Nc6 9. Nxc6 Bxc3+ 10. bxc3 Qd7 11. cxd5 Ne7 12. Qxe4 bxc6 13. dxc6 Qxc6 14.
Qxc6+ Nxc6 15. Ba3 Be6 16. e3 O-O-O 17. Bc5 Rd7 18. Bd4 Nxd4 19. cxd4 Rc7 20.
Kd2 Kd7 21. Bb5+ Ke7 22. a4 Rhc8 23. Rhc1 Bd5 24. f3 f5 25. Rxc7+ Rxc7 26. Rc1
Rb7 27. Kd3 Kd6 28. e4 fxe4+ 29. fxe4 a6 30. Bc4 Bxc4+ 31. Rxc4 Rb2 32. Rc2 Rb4
33. e5+ Kd7 34. a5 Rb5 35. Rc5 Rb2 36. Kc4 Rxg2 37. Kd5 Rxh2 38. e6+ Kd8 39.
Kd6 Re2 40. Rc6 g5 41. Rxa6 Kc8 42. e7 Kb7 43. Rb6+ Kc8 44. a6 Rxe7 45. Kxe7
Kc7 46. Rb7+ Kc6 47. d5+ Kxd5 48. a7 Ke5 49. a8=Q 1-0

[Event "European Youth Chess Championship G12"]
[Site "Prague, Top Hotel Prague"]
[Date "2016.08.25"]
[Round "7.14"]
[White "Anghel, Maria"]
[Black "Lomaia, Diana"]
[Result "1-0"]
[WhiteElo "1821"]
[BlackElo "1593"]
[PlyCount "119"]
[EventDate "2016.08.18"]

1. d4 Nf6 2. Nf3 e6 3. Bg5 c5 4. e3 h6 5. Bxf6 Qxf6 6. c3 d5 7. Bb5+ Bd7 8.
Bxd7+ Nxd7 9. Nbd2 Be7 10. O-O O-O 11. Qe2 a6 12. a4 Rac8 13. Rfd1 Rfd8 14. a5
Bf8 15. e4 cxd4 16. Nxd4 Nc5 17. exd5 Rxd5 18. N2f3 Rcd8 19. b4 Nd7 20. c4 Rh5
21. Nc2 Rf5 22. Ne3 Rf4 23. Rab1 Qe7 24. Rd2 Nb8 25. Rxd8 Qxd8 26. Rd1 Qc7 27.
Qd2 Nc6 28. b5 axb5 29. cxb5 Nb4 30. Rc1 Qe7 31. b6 Qe8 32. Rc7 Qa8 33. Nc4 Nd5
34. Kf1 Nxc7 35. Qxf4 Nd5 36. Qd4 Qe8 37. Kg1 Qb5 38. g3 Qb4 39. Qd3 Qa4 40.
Nfe5 Bb4 41. Qf3 Qe8 42. a6 f6 43. Nd3 bxa6 44. Nxb4 Nxb4 45. Na5 Qb8 46. b7
Qd6 47. h4 Nd5 48. Qb3 Nb4 49. Qc3 Kh7 50. Kh2 Qb6 51. Qf3 f5 52. Qe3 Qd6 53.
Qa7 Qe5 54. b8=Q Qf6 55. Qxb4 Qg6 56. Qf4 Qf6 57. Qad4 Qg6 58. Nc6 Qf7 59. Qfe5
Qg6 60. Qdd6 1-0

[Event "European Youth Chess Championship G12"]
[Site "Prague, Top Hotel Prague"]
[Date "2016.08.25"]
[Round "7.15"]
[White "Dylag, Emilia"]
[Black "Dvorakova, Olga"]
[Result "1-0"]
[WhiteElo "1792"]
[BlackElo "1601"]
[PlyCount "99"]
[EventDate "2016.08.18"]

1. d4 Nf6 2. c4 e6 3. Nc3 Bb4 4. Nf3 b6 5. Bg5 Bb7 6. e3 O-O 7. Nd2 Bxc3 8.
bxc3 d6 9. f3 Nbd7 10. e4 e5 11. Bd3 Qe7 12. O-O Rfe8 13. Re1 h6 14. Bh4 Qe6
15. Nf1 Nh5 16. Ne3 Nf4 17. Bf1 Rac8 18. Nf5 Nf8 19. Qa4 a6 20. Kh1 N4g6 21.
Bf2 Ne7 22. Nxe7+ Qxe7 23. Rab1 Qd7 24. Qc2 Ne6 25. Red1 Qe7 26. a4 a5 27. Rd2
Red8 28. Rbd1 Rb8 29. Qb3 Ba6 30. Qa3 Qe8 31. Bg3 f6 32. Qa2 Kh8 33. Kg1 Qe7
34. Bf2 Bb7 35. Be3 Ba6 36. c5 Bxf1 37. cxd6 Qxd6 38. Kxf1 Kh7 39. Kg1 Kh8 40.
Qc4 Kh7 41. dxe5 Qxe5 42. Rd5 c5 43. Rxe5 Rxd1+ 44. Kf2 fxe5 45. Qxe6 Rb1 46.
Qxe5 Rb2+ 47. Kg3 Rd8 48. Qf5+ Kg8 49. Qe6+ Kf8 50. Bf4 1-0

[Event "European Youth Chess Championship G12"]
[Site "Prague, Top Hotel Prague"]
[Date "2016.08.25"]
[Round "7.16"]
[White "Mironenko, Galina"]
[Black "Trifoi, Mihaela-Ioana"]
[Result "1-0"]
[WhiteElo "1769"]
[BlackElo "1595"]
[PlyCount "119"]
[EventDate "2016.08.18"]

1. e4 c6 2. d4 d5 3. Nc3 dxe4 4. Nxe4 Bf5 5. Ng3 Bg6 6. N1e2 Nf6 7. Nf4 e5 8.
dxe5 Qa5+ 9. c3 Qxe5+ 10. Be2 Nbd7 11. O-O O-O-O 12. Qa4 Bc5 13. Nxg6 hxg6 14.
Bf4 Nb6 15. Qxc6+ bxc6 16. Bxe5 Kb7 17. b4 Bd6 18. Bxd6 Rxd6 19. Bf3 Kc7 20.
Rfe1 Rhd8 21. Ne4 Nxe4 22. Rxe4 R8d7 23. h3 Rd3 24. c4 R3d4 25. c5 Rxe4 26.
cxb6+ Kxb6 27. Bxe4 Rd4 28. f3 Rxb4 29. Rb1 Rxb1+ 30. Bxb1 g5 31. Kf2 Kc5 32.
Ke3 Kd5 33. Be4+ Kc5 34. Kd3 g6 35. g4 Kd6 36. Kc4 Ke5 37. Bxc6 f5 38. Kb5 fxg4
39. hxg4 Kd6 40. Be8 Kc7 41. Ka6 Kb8 42. Bxg6 Ka8 43. Be4+ Kb8 44. Bb7 Kc7 45.
Kxa7 Kd6 46. a4 Kc7 47. a5 Kd6 48. Kb8 Ke5 49. a6 Kd4 50. a7 Ke3 51. a8=Q Kf4
52. Qa4+ Kg3 53. Qe4 Kh3 54. Qe5 Kg2 55. f4+ Kf2 56. fxg5 Kf1 57. Qh2 Ke1 58.
Be4 Kd1 59. Bd3 Ke1 60. Qe2# 1-0

[Event "European Youth Chess Championship G12"]
[Site "Prague, Top Hotel Prague"]
[Date "2016.08.25"]
[Round "7.17"]
[White "Somton, Anita"]
[Black "Zarebska, Lena"]
[Result "1-0"]
[WhiteElo "1753"]
[BlackElo "1522"]
[PlyCount "119"]
[EventDate "2016.08.18"]

1. d4 Nf6 2. c4 c5 3. d5 b5 4. Qc2 Na6 5. a3 Bb7 6. Nc3 bxc4 7. e4 e6 8. Bxc4
Rc8 9. Nge2 Nc7 10. Qd3 Bd6 11. Bf4 Bxf4 12. Nxf4 O-O 13. O-O Na8 14. Nb5 e5
15. Ne2 Qb6 16. a4 a5 17. Ra3 Nc7 18. Nec3 Na6 19. Qg3 d6 20. Qh4 Qd8 21. Ne2
h6 22. Rg3 Kh8 23. Rc1 Nh7 24. Qg4 Qg5 25. Qxg5 Nxg5 26. Nxd6 Rb8 27. Nxb7 Rxb7
28. Bxa6 Rxb2 29. Nc3 f5 30. exf5 Rxf5 31. h4 Nh7 32. f3 Rf4 33. Rh3 Rd2 34.
Bb5 Nf6 35. Bc6 e4 36. Nxe4 Nxe4 37. fxe4 Rxe4 38. Rxc5 Rd1+ 39. Kh2 Rg4 40.
Bd7 Rf4 41. Rf3 Rxf3 42. gxf3 Kg8 43. Be6+ Kf8 44. Rxa5 Rd4 45. Kg3 Ke7 46.
Ra7+ Kf6 47. a5 g5 48. hxg5+ Kxg5 49. Rg7+ Kf6 50. Rg4 Rd2 51. a6 Ra2 52. Bc8
Ke5 53. Bb7 Ra3 54. Rh4 Kd6 55. Rxh6+ Kc7 56. Rc6+ Kb8 57. d6 Ka7 58. d7 Rb3
59. Rc8 Ra3 60. Ra8+ 1-0

[Event "European Youth Chess Championship G12"]
[Site "Prague, Top Hotel Prague"]
[Date "2016.08.25"]
[Round "7.18"]
[White "Maciulaityte, Barbora"]
[Black "Tamrazyan, Gohar"]
[Result "0-1"]
[WhiteElo "1505"]
[BlackElo "1741"]
[PlyCount "84"]
[EventDate "2016.08.18"]

1. e4 e6 2. d4 d5 3. Nc3 dxe4 4. Nxe4 Nd7 5. Nf3 Ngf6 6. Nxf6+ Nxf6 7. Be3 Bd6
8. Bd3 O-O 9. Qe2 b6 10. O-O-O Bb7 11. c4 Qe7 12. h4 c5 13. Rhg1 cxd4 14. Nxd4
Rac8 15. Kb1 Bh2 16. Rh1 Be5 17. f3 Nh5 18. Rh3 Nf4 19. Bxf4 Bxf4 20. g3 Bh6
21. Nf5 Qf6 22. Nxh6+ Qxh6 23. g4 Rfd8 24. g5 Qh5 25. Qf1 Rd4 26. Qh1 Rcd8 27.
Kc2 e5 28. Be2 Rxd1 29. Bxd1 Qg6+ 30. Kc1 Qd3 31. Bb3 Bc8 32. Rh2 Bf5 33. Bc2
Qxc4 34. a3 Rc8 35. Qd1 Qf4+ 36. Kb1 Qxh2 37. Bxf5 Rf8 38. Qa4 Qh1+ 39. Ka2
Qxf3 40. Bd7 Qd5+ 41. Kb1 Rd8 42. Bc6 Qd1+ 0-1